书目信息 |
| 题名: |
客户100战·最佳制胜之道
|
|
| 作者: | 郝雨风 , 李朝霞 编著 | |
| 分册: | ||
| 出版信息: | 北京 中国经济出版社 2006 |
|
| 页数: | 357页 | |
| 开本: | 26cm | |
| 丛书名: | 营销100战·最佳制胜之道丛书 | |
| 单 册: | ||
| 中图分类: | F274 | |
| 科图分类: | ||
| 主题词: | 企业管理--Qi Ye Guan Li--销售管理 | |
| 电子资源: | ||
| ISBN: | 7-5017-7123-5 | |
| 000 | 00886nam 2200253 450 | |
| 001 | CAL 012006029283 | |
| 005 | 20061123105218.67 | |
| 010 | @a7-5017-7123-5@dCNY 58.00 | |
| 099 | @aCAL 012006029283 | |
| 100 | @a20060309d2006 kmey0chiy0121 ea | |
| 101 | 0 | @achi |
| 102 | @aCN@b110000 | |
| 200 | 1 | @a客户100战·最佳制胜之道@AKe Hu 100 Zhan ·zui Jia Zhi Sheng Zhi Dao@f郝雨风,李朝霞编著@Fhao yu feng,li zhao xia bian zhu |
| 210 | @a北京@c中国经济出版社@d2006 | |
| 215 | @a357页@c图@d26cm | |
| 225 | 2 | @a营销100战·最佳制胜之道丛书@AYing Xiao 100 Zhan ·zui Jia Zhi Sheng Zhi Dao Cong Shu@v03 |
| 320 | @a有书目 (第357页) | |
| 410 | 0 | @12001 @a营销100战·最佳制胜之道丛书@v03 |
| 606 | 0 | @a企业管理@AQi Ye Guan Li@x销售管理 |
| 690 | @aF274@v4 | |
| 701 | 0 | @a郝雨风@AHao Yu Feng@4编著 |
| 701 | 0 | @a李朝霞@ALi Zhao Xia@4编著 |
| 801 | @aCN@c20061123 | |
| 905 | @apdsgxy@dF274@eH143 | |
| 客户100战·最佳制胜之道/郝雨风,李朝霞编著.-北京:中国经济出版社,2006 |
| 357页:图;26cm.-(营销100战·最佳制胜之道丛书;03) |
| ISBN 7-5017-7123-5:CNY 58.00 |
| ● |
| 相关链接 |
|
|
|
正题名:客户100战·最佳制胜之道
索取号:F274/H143
 
预约/预借
| 序号 | 登录号 | 条形码 | 馆藏地/架位号 | 状态 | 备注 |
| 1 | 615141 | 206151411 | 社科库409/409社科库 93排3列1层/ [索取号:F274/H143] | 在馆 | |
| 2 | 615142 | 206151420 | 社科二线422/409社科库 93排3列1层/ [索取号:F274/H143] | 在馆 |